01353nam a2200301Ia 450000500170000000800390001702000180005610000310007424500460010525000220015126400370017330000270021033600270023733700330026433800280029749000140032550000420033952004040038152100290078558600260081465000380084065000420087865000240092065000270094465000340097104000350100508400110104020220317001442.0161108s2013 ck g 000 f spa a97895875857661 aMutis, Álvarod1923-201310aIlona llega con la lluviacÁlvaro Mutis aPrimera edición 1aBogotábPunto de lecturac2013 a189 páginasc19 cm.  atextobtxt2rdacontent asin mediaciónbn2rdamedia avolumenbnc2rdacarrier aNarrativa aIncluye datos biográficos del autor aEn el viejo barco Hansa Stern llega Maqroll a la costa del Canal de Panamá, donde es testigo de una tragedia que se desarrolla en medio de una vegetación lujuriosa en la blanda tierra del trópico. A Maqroll le persiguen el reencuentro de un amor, el delito y la muerte. Nos cuenta la historia de un extraño prostíbulo tropical y contemporáneo que, como el mundo, devora a sus habitantes. aRecomendado para adultos aPremio Cervantes 2001142LEMBaNovela colombianaySiglo XX142LEMBaLiteratura colombianaySiglo XX142LEMBaAmorvNovela 142LEMBaMujeresvNovela 142LEMBaProstituciónvNovela  aCO-BoRNBPbspaerdacCO-BoRNBP aN MUT1